00713cam a2200217 a 450000500170000000800410001702000160005804000120007404100080008608200180009411000300011224500830014225000300022526000570025530000370031250400350034965000260038465000290041065000290043970000270046820160115085118.0040327s2002 us r 00110 eng d a1853836982  ala cla0 aeng04a333.95 bR88b2 aRoyal Botanic Gardens KEW00aBiodiversity and traditional knowledge : bequitable partnerships in practice. aEdited by Sarah A. Laird. aLondon : bSterling, Earthscan Publications, c2002. axxxix, 504 p. : bil. ; c24 cm. aIncluye bibliografia e Indice. aDiversidad biologica.2 aRecursos de germoplasma.2 aConocimiento Tradicional1 aLaird, Sarah A., eed.